Top Point Per Game Players in NHL History - Statistics

General Stats
  • This quiz has been taken 218 times
    200 since last reset
  • The average score is 9 of 15
Answer Stats
Answer % Correct
Wayne Gretzky
100%
Mario Lemieux
93%
Sidney Crosby
90%
Mike Bossy
71%
Steve Yzerman
68%
Joe Sakic
65%
Evgeni Malkin
63%
Guy Lafleur
59%
Phil Esposito
57%
Marcel Dionne
55%
Peter Forsberg
45%
Eric Lindros
35%
Dale Hawerchuk
30%
Pat LaFontaine
24%
Peter Stastny
24%
No matching quizzes found
Score Distribution
Percent of People with Each Score
Percentile by Number Answered
Your Score History
You have not taken this quiz since the last reset